Guru (Record no. 34392)

MARC details
000 -LEADER
fixed length control field 02740ngm a2200433 4500
003 - CONTROL NUMBER IDENTIFIER
control field dpl
005 - DATE AND TIME OF LATEST TRANSACTION
control field 20100304121923.0
007 - PHYSICAL DESCRIPTION FIXED FIELD--GENERAL INFORMATION
fixed length control field ta
008 - FIXED-LENGTH DATA ELEMENTS--GENERAL INFORMATION
fixed length control field ||||||sp199 xxu|||||c ||| 00| 0 ng d
010 ## - LIBRARY OF CONGRESS CONTROL NUMBER
LC control number DVD-005878-5884
024 ## - OTHER STANDARD IDENTIFIER
Standard number or code DHIF1792S
Terms of availability 99.00
035 ## - SYSTEM CONTROL NUMBER
System control number DVD-005878-5884
040 ## - CATALOGING SOURCE
Original cataloging agency DPL
Transcribing agency DPL
082 ## - DEWEY DECIMAL CLASSIFICATION NUMBER
Classification number DVD GURU
245 ## - TITLE STATEMENT
Title Guru
Statement of responsibility, etc Mani Ratnam Film Presents
Medium [videorecording] DVD/
260 ## - PUBLICATION, DISTRIBUTION, ETC. (IMPRINT)
Name of publisher, distributor, etc Moserbaer Entertainment
300 ## - PHYSICAL DESCRIPTION
Extent 1 videodisc DVD;
Other physical details sd., col. ;
Dimensions 4 3/4 in.
Type of unit DVD
440 ## - SERIES STATEMENT/ADDED ENTRY--TITLE
Title Moserbaer Home Entertainment
500 ## - GENERAL NOTE
General note Moserbaer India Ltd. has obtained the necessary license/consent from the owner of the copyright in the works for making this DVD Film.
538 ## - SYSTEM DETAILS NOTE
System details note Dolby Digital 5.1 - Hindi Subtitles: English
538 ## - SYSTEM DETAILS NOTE
System details note This DVD can be played back on DVD Players, multimedia systems & PC with MPEG card interactive with version 2.0 players.
650 ## - SUBJECT ADDED ENTRY--TOPICAL TERM
Topical term or geographic name as entry element Motion Picture
700 ## - ADDED ENTRY--PERSONAL NAME
Personal name Mani Ratnam
700 ## - ADDED ENTRY--PERSONAL NAME
Personal name Sriniwasan, G
700 ## - ADDED ENTRY--PERSONAL NAME
Personal name Bachchan, Abhishek
700 ## - ADDED ENTRY--PERSONAL NAME
Personal name Rai, Aishwarya
700 ## - ADDED ENTRY--PERSONAL NAME
Personal name Madhvan
700 ## - ADDED ENTRY--PERSONAL NAME
Personal name Balan, Vidya
700 ## - ADDED ENTRY--PERSONAL NAME
Personal name Chakraborty, Mithun
942 ## - ADDED ENTRY ELEMENTS (KOHA)
Koha item type CD-ROMs, DVDs, VHS
Source of classification or shelving scheme Dewey Decimal Classification
Classification part DVD
Call number suffix GURU
Holdings
Withdrawn status Lost status Source of classification or shelving scheme Damaged status Not for loan Home library Current library Date acquired Source of acquisition Cost, normal purchase price Total Checkouts Full call number Barcode Date last seen Date checked out Copy number Cost, replacement price Price effective from Koha item type Public note Total Renewals
    Dewey Decimal Classification     Central Library Central Library 04/03/2010 Pioneers/1003/28-11-09/325/13-10-09 /30-11-09 99.00 16 DVD GURU DVD-005878 12/10/2017 03/10/2017 1 99.00 04/03/2010 CD-ROMs, DVDs, VHS    
    Dewey Decimal Classification     Karol Bagh Karol Bagh 04/03/2010 Pioneers/1003/28-11-09/325/13-10-09 /30-11-09 99.00 10 DVD GURU DVD-005883 17/02/2014 13/02/2014 1 99.00 04/03/2010 CD-ROMs, DVDs, VHS    
    Dewey Decimal Classification     Narela Narela 04/03/2010 Pioneers/1003/28-11-09/325/13-10-09 /30-11-09 99.00 3 DVD GURU DVD-005884 30/08/2011 26/08/2011 1 99.00 04/03/2010 CD-ROMs, DVDs, VHS    
    Dewey Decimal Classification     Patel Nagar Patel Nagar 04/03/2010 Pioneers/1003/28-11-09/325/13-10-09 /30-11-09 99.00 7 DVD GURU DVD-005879 14/09/2011 12/09/2011 1 99.00 04/03/2010 CD-ROMs, DVDs, VHS    
    Dewey Decimal Classification     R.K.Puram-8 R.K.Puram-8 04/03/2010 Pioneers/1003/28-11-09/325/13-10-09 /30-11-09 99.00 4 DVD GURU DVD-005881 04/05/2016 03/05/2016 1 99.00 04/03/2010 CD-ROMs, DVDs, VHS   1
    Dewey Decimal Classification     Sarojini Nagar Sarojini Nagar 04/03/2010 Pioneers/1003/28-11-09/325/13-10-09 /30-11-09 99.00 10 DVD GURU DVD-005880 29/07/2011 29/07/2011 1 99.00 04/03/2010 CD-ROMs, DVDs, VHS DVD cost Rs 99/- vide R.No. 2269/45 dt 04-04-11  
    Dewey Decimal Classification     Vinoba Puri Vinoba Puri 04/03/2010 Pioneers/1003/28-11-09/325/13-10-09 /30-11-09 99.00 9 DVD GURU DVD-005882 07/10/2015 28/09/2015 1 99.00 04/03/2010 CD-ROMs, DVDs, VHS    

© Delhi Public Library
Hit Counter
free hit counter